|
|
|
|
| LEADER |
00612cam a22001574a 4500 |
| 999 |
|
|
|c 213354
|d 213354
|
| 020 |
|
|
|a 140511164X (pbk. : alk. paper)
|
| 082 |
0 |
0 |
|a 551.7
|b BRO.P
|
| 100 |
1 |
|
|a Brookfield, M. E.
|
| 245 |
1 |
0 |
|a Principles of stratigraphy /
|c Michael E. Brookfield.
|
| 260 |
|
|
|a Malden, MA :
|b Blackwell Pub.,
|c c2004.
|
| 300 |
|
|
|a ix, 340 p. :
|b ill., maps ;
|
| 504 |
|
|
|a Includes bibliographical references (p. [307]-320) and index.
|
| 650 |
|
0 |
|a Geology, Stratigraphic.
|
| 942 |
|
|
|c BK
|
| 952 |
|
|
|0 0
|1 0
|4 0
|6 551_700000000000000_BRO_P
|7 0
|8 REF
|9 227002
|a GEO
|b GEO
|d 2019-11-21
|l 0
|o 551.7 BRO.P
|p GEO4009
|r 2019-11-21
|w 2019-11-21
|y BK
|